| 000 | 00406nam a2200145Ia 4500 | ||
|---|---|---|---|
| 008 | 231129s2006||||xx |||||||||||||| ||spa|| | ||
| 020 | _a958-42-0646-X (rús | ||
| 040 | _bspa | ||
| 082 | _aB869.3 C672ó (EN PROCESO DE DESCARTE) Ej. 1 | ||
| 100 | _aCoelho Paulo | ||
| 245 | 0 | _aOnce minutos | |
| 260 | _c2006 | ||
| 264 | _aBogotá (Colombia): Planeta | ||
| 942 |
_2ddc _cBKS |
||
| 999 |
_c22102 _d22102 |
||